Candid conversation (Record no. 6855)
[ view plain ]
| 000 -LEADER | |
|---|---|
| fixed length control field | 00222nam a22000857a 4500 |
| 008 - FIXED-LENGTH DATA ELEMENTS--GENERAL INFORMATION | |
| fixed length control field | 170617b xxu||||| |||| 00| 0 eng d |
| 100 ## - MAIN ENTRY--PERSONAL NAME | |
| 9 (RLIN) | 3481 |
| Personal name | Bhanumathy. K. P |
| 245 ## - TITLE STATEMENT | |
| Title | Candid conversation |
| 260 ## - PUBLICATION, DISTRIBUTION, ETC. (IMPRINT) | |
| Place of publication, distribution, etc. | New Delhi |
| Name of publisher, distributor, etc. | N. B. T |
| Date of publication, distribution, etc. | 2007 |
| Withdrawn status | Lost status | Source of classification or shelving scheme | Damaged status | Koha normalized classification for sorting | Not for loan | Home library | Current library | Shelving location | Date acquired | Total Checkouts | Full call number | Barcode | Date last seen | Price effective from | Koha item type |
|---|---|---|---|---|---|---|---|---|---|---|---|---|---|---|---|
| Dewey Decimal Classification | BHA_920_000000000000000 | Good Samaritan School Library | Good Samaritan School Library | History | 06/17/2017 | BHA920 | BHA7899 | 06/17/2017 | 06/17/2017 | BOOK | |||||
| Dewey Decimal Classification | BHA_920_000000000000000 | Good Samaritan School Library | Good Samaritan School Library | History | 06/17/2017 | BHA920 | BHA7900 | 06/17/2017 | 06/17/2017 | BOOK |